[Event "Stuttgart-chB int"]
[Site "Gerlingen"]
[Date "2007.05.18"]
[Round "3"]
[White "Hess, Ruediger"]
[Black "Schreiber, Stephan"]
[Result "0-1"]
[WhiteElo "1371"]
[BlackElo "1645"]
[PlyCount "127"]
[EventDate "2007.05.17"]
[EventType "swiss"]
[EventRounds "7"]
[EventCountry "GER"]
[SourceTitle "EXT 2018"]
[Source "ChessBase"]
[SourceDate "2017.10.13"]
[SourceVersion "1"]
[SourceVersionDate "2017.10.13"]
[SourceQuality "1"]

1. d4 e5 2. dxe5 Nc6 3. Nf3 Qe7 4. Qd5 h6 5. e4 g5 6. Nc3 a6 7. a3 Bg7 8. Bc4 Nxe5 9. Nxe5 Bxe5 10. Qd3 Bxc3+ 11. bxc3 Nf6 12. f3 b5 13. Bb3 Bb7 14. 0-0 d6 15. c4 Bc6 16. Be3 Nd7 17. Qc3 f6 18. Rfe1 Ne5 19. cxb5 axb5 20. Bd4 Bb7 21. g3 c5 22. Bf2 c4 23. Ba2 d5 24. f4 Rxa3 25. Qb2 Nf3+ 26. Kh1 Nxe1 27. Rxe1 dxe4 28. Qxb5+ Qd7 29. Qxc4 Ra4 30. Qb3 Qc6 31. Qf7+ Kd8 32. Rd1+ Kc8 33. Be6+ Kb8 34. Bd5 Qc7 35. Qxc7+ Kxc7 36. Bxb7 Kxb7 37. Rd7+ Kc6 38. Rf7 Kd5 39. Rxf6 Ra2 40. Rf5+ Kc4 41. Rc5+ Kb4 42. fxg5 Rf8 43. Bg1 Ra1 44. c3+ Kb3 45. gxh6 Rff1 46. Kg2 Rxg1+ 47. Kh3 Ra2 48. Re5 Rh1 49. Rxe4 Raxh2+ 50. Kg4 Rxh6 51. c4 Kb4 52. Kf5 R1h5+ 53. Kg4 Rc5 54. Kf4 Rxc4 55. Rxc4+ Kxc4 56. g4 Kd5 57. Kf5 Kd6 58. g5 Rh1 59. Kf6 Rf1+ 60. Kg7 Ke6 61. g6 Rg1 62. Kh7 Kf6 63. g7 Rxg7+ 64. Kh8 0-1